000 00471nam a2200169Ia 4500
003 GCL
008 140319s9999 xx 000 0 eng d
040 _aGCL /
_cGCL
082 0 4 _a664.752
_bE C
100 1 _aGAAITE, GARMEN MARTIN
245 1 0 _aCEREALS IN BREADMAKING: A MOLECULAR CALLAIDAL APPROACH /
_cGAAITE, GARMEN MARTIN
260 _a[S.N] :
_bABT AKVERT SKIRA S.A ،
_c1993
300 _a376 P
650 0 4 _aCEREALS
650 0 4 _aBREADMAKING
942 _2ddc
_cBK
999 _c17303
_d17303